| 000 | 01885cam a2200325 i 4500 | ||
|---|---|---|---|
| 003 | SA-RiAUC | ||
| 005 | 20241116102201.0 | ||
| 008 | 241114s2001 ua g 000 0 ara c | ||
| 020 | _a9773410153 | ||
| 024 | 0 | _a00000000284551 | |
| 040 |
_aJO-AmWISE _bara _cSA-RiAUC _dKAC _erda |
||
| 082 | 0 | 4 |
_a224.2 _qSA-RiAUC |
| 090 |
_a224.2 _bن ص ا |
||
| 100 | 1 |
_aنصار، حسين محمد، _d1925-2017 _eمؤلف. |
|
| 245 | 1 | 2 |
_aالقسم في القرآن الكريم / _cتأليف الدكتور حسين نصار. |
| 250 | _aالطبعة الأولى. | ||
| 264 | 1 |
_aالقاهرة : _bمكتبة الثقافة الدينية، _c2001 |
|
| 300 |
_a146 صفحة ؛ _c24 × 17 سم. |
||
| 336 |
_aنص _btxt _2rdacontent _3كتاب |
||
| 337 |
_aبدون وسيط _bn _2rdamedia |
||
| 338 |
_aمجلد _bnc _2rdacarrier |
||
| 490 | 0 | _aإعجاز القرآن | |
| 504 | _aببليوجرافية : صفحة 137-142. | ||
| 505 | 0 | _aالمحتويات : الفصل الأول : المقسم به : أ-الحروف المفردة، ب-ما اتصل بمحمد، ج-الأشياء-الفصل الثاني : أساليب القسم : أ-دخول أدوات النفي عليه، ب-دخول اللام على القسم، ج-صيغ القسم-الفصل الثالث : التفرقة بين الصيغ : د-أدوات القسم، ه-تعدد المقسم به ...-الفصل الرابع : الجمال الفني : أ-التناسب بين المقسم به والمقسم عليه، ب-البلاغة والإعجاز-الفصل الخامس : أغراض القسم ودواعيه ...-الفصل السادس : المقسم عليه ... وموضوعات أخرى. | |
| 630 | 2 | 7 |
_aالقرآن _xالقسم فيه _2aucut |
| 650 | 7 |
_aاليمين (فقه إسلامي) _2aucsh |
|
| 730 | 2 | 2 | _aالقرآن |
| 942 |
_2ddc _cBOOK _n0 |
||
| 949 |
_aSA-JeALM _d241114 _umohamedma123 _n1 |
||
| 999 |
_c2396 _d2396 |
||